[Event "NRW Class1 0506"]
[Site "Germany"]
[Date "2006.02.12"]
[Round "6.2"]
[White "Berndt, Axel"]
[Black "Bach, Thorsten"]
[Result "1/2-1/2"]
[WhiteElo "2246"]
[BlackElo "2179"]
[PlyCount "36"]
[EventDate "2005.09.25"]
[EventType "team"]
[EventRounds "9"]
[EventCountry "GER"]
[SourceTitle "EXT 2006"]
[Source "ChessBase"]
[SourceDate "2005.11.24"]
[SourceVersion "1"]
[SourceVersionDate "2005.11.24"]
[SourceQuality "1"]
[WhiteTeam "Duesseldorf II"]
[BlackTeam "Bergneustadt/Derschlag"]
[WhiteTeamCountry "GER"]
[BlackTeamCountry "GER"]

1. e4 g6 2. d4 Bg7 3. Nc3 d6 4. Be3 c6 5. Qd2 b5 6. Bd3 a6 7. f3 Nd7 8. Nh3 Bb7 9. 0-0 e5 10. dxe5 dxe5 11. Rad1 Ngf6 12. Bh6 0-0 13. Nf2 Qe7 14. Ne2 Rfe8 15. Bxg7 Kxg7 16. Ng3 h6 17. Rde1 Rad8 18. Kh1 Nc5 1/2-1/2

[Event "NRW Class1 0506"]
[Site "Germany"]
[Date "2005.12.04"]
[Round "4.2"]
[White "Schoenthier, Frank"]
[Black "Bach, Thorsten"]
[Result "1-0"]
[WhiteElo "2333"]
[BlackElo "2179"]
[PlyCount "51"]
[EventDate "2005.09.25"]
[EventType "team"]
[EventRounds "9"]
[EventCountry "GER"]
[SourceTitle "EXT 2006"]
[Source "ChessBase"]
[SourceDate "2005.11.24"]
[SourceVersion "1"]
[SourceVersionDate "2005.11.24"]
[SourceQuality "1"]
[WhiteTeam "Monheim"]
[BlackTeam "Bergneustadt/Derschlag"]
[WhiteTeamCountry "GER"]
[BlackTeamCountry "GER"]

1. e4 g6 2. d4 Bg7 3. Nc3 d6 4. Be3 c6 5. Qd2 b5 6. Bd3 a6 7. Nf3 Nd7 8. a4 b4 9. Ne2 a5 10. 0-0 Ngf6 11. Bh6 0-0 12. Ng3 Ba6 13. e5 Ne8 14. Bxa6 Rxa6 15. Rfe1 d5 16. h4 Nc7 17. h5 Ne6 18. Rad1 Ra7 19. Bxg7 Kxg7 20. hxg6 hxg6 21. Ng5 Rh8 22. Nxe6+ fxe6 23. Qg5 c5 24. f4 cxd4 25. f5 exf5 26. Nxf5+ 1-0

[Event "NRW Class1 0506"]
[Site "Germany"]
[Date "2005.10.09"]
[Round "2.2"]
[White "Stoyanov, Petar"]
[Black "Bach, Thorsten"]
[Result "1-0"]
[WhiteElo "2263"]
[BlackElo "2179"]
[PlyCount "35"]
[EventDate "2005.09.25"]
[EventType "team"]
[EventRounds "9"]
[EventCountry "GER"]
[SourceTitle "EXT 2006"]
[Source "ChessBase"]
[SourceDate "2005.11.24"]
[SourceVersion "1"]
[SourceVersionDate "2005.11.24"]
[SourceQuality "1"]
[WhiteTeam "Gesch"]
[BlackTeam "Bergneustadt/Derschlag"]
[WhiteTeamCountry "GER"]
[BlackTeamCountry "GER"]

1. d4 g6 2. e4 Bg7 3. Nc3 d6 4. Be3 c6 5. Qd2 b5 6. Bd3 a6 7. Nf3 Nd7 8. a4 b4 9. Ne2 a5 10. Ng3 Qc7 11. 0-0 Ngf6 12. Bh6 0-0 13. Bxg7 Kxg7 14. Qg5 Kh8 15. e5 Nd5 16. Qh6 Rg8 17. Ng5 Rg7 18. Bxg6 1-0